000 00345 a2200157 4500
001 74153
020 _a97885912955-0-0
040 _cAnchieta - Colégio São Paulo
100 _aAlencar, Thereza Oldam
240 1 0 _aExu
_lpor
245 1 0 _aExu
300 _a331
362 0 _a2011
650 4 _aBiografia, Genealogia, Insígnia
942 _cBK
999 _c74153
_d74153